=LDR 00000nam 2200000 4500 =001 INLIS000000000007082 =005 20130612095134 =008 ***********************************Ind** =035 ##$$0010-061300000007082 =041 ##$$a Ind =082 ##$$a 345 =090 ##$$a 345, Mar t =100 ##$$a Marpaung, Leden =245 ##$$a Tindakan pidana terhadap nyawa dan tubuh, pemberantasan dan prevensinya, Leden Mapaung, SH =260 ##$$a 2000 $b Jakarta =300 ##$$a xii, 264 hlm., 21 cm =650 ##$$a Hukum Pidana =990 ##$$a 0001/BPAP-NTB/2016 =990 ##$$a 0001/BPAP-NTB/2016